000 00490cam a22002054a 4500
005 20250605164256.0
008 250528s ||||||||||||||||||||||||d
035 _a21940
020 _a9781844668410
040 _aGR-AtMCL
_bgre
_dGR-AtMCL
_eAACR2
245 1 _aWORDS FOR IDEAS TEACHER'S BOOK
250 _a1
260 _bExpress Publishing,
_c2004
300 _a104
700 1 _aMorley John
_97821
700 1 _aPople Ian
_97822
942 _cBK
999 _c6997
_d6997